000 00721nam a22002417a 4500
001 74474
003 BD-RjUL
005 20211209082546.0
008 181007r20171994ii a|||| |||| 001 0 eng d
020 _a9788173810404
035 _a(BD-RjUL)74692
040 _aBD-RjUL
_beng
_cBD-RjUL
041 _aeng
082 _222
_a938
_bCHH 2017
100 _aChaudhuri, K C
_9223301
245 _aHistory of Greece :
_b499-404 B.C. /
_cK C Chaudhuri
250 _a3rd edition.
260 _aCalcutta :
_bNew Central Book Agency,
_cc1994 [Reprinted 2017]
300 _a381 pages :
_bmaps ;
_c 22 cm
500 _aIncludes index.
651 _aGreece
_xHistory
_yAthenian supremacy, 479-431 B.C.
_9223303
942 _2ddc
_cBK
999 _c74474
_d74474